Multiple Choice City Quiz – Lisbon - Statistics

General Stats
  • This quiz has been taken 42 times
  • The average score is 7 of 10
Answer Stats
Question Answer % Correct
What traditional pastry is Lisbon famous for? Pastel de Nata
95%
Which river flows through Lisbon? Tagus
90%
Which Lisbon neighborhood is known for its narrow streets, Fado music, and traditional Portuguese atmosphere? Alfama
82%
How many hills is Lisbon traditionally said to have? 7
77%
What was the original purpose of Belém Tower when it was built in the 16th century? A military fortification to protect the harbor
77%
What type of transportation in Lisbon is known for its iconic yellow wagons? Funiculars
74%
Which famous explorer is buried in the Jerónimos Monastery in Lisbon? Vasco da Gama
74%
Which of these facts is true about the Vasco da Gama Bridge? It is the longest bridge in Europe.
62%
In which year did the Great Lisbon Earthquake occur? 1577
44%
The Lisbon Metro began operation in which year? 1959
36%
No matching quizzes found
Score Distribution
Percent of People with Each Score
Percentile by Number Answered
Your Score History
You have not taken this quiz